Fire Emblem Playable Characters - D - Statistics

General Stats
  • This quiz has been taken 130 times
  • The average score is 23 of 38
Answer Stats
Answer % Correct
Dorothea
90%
Dimitri
83%
Dorothy
83%
Darros
77%
Dedue
77%
Deen (SoV)
77%
Deen (Thracia)
77%
Dart
73%
Donnel
73%
Dalvin
67%
Daniela
67%
Dorcas
67%
Dagdar
63%
Dalsin
63%
Deimne
63%
Diarmuid
63%
Dozla
63%
Danved
60%
Delthea
60%
Devdan
60%
Dew
60%
Diamant
60%
Dieck
60%
Duma
60%
Deirdre
57%
Duessel
57%
Dagr
53%
Daichi
53%
Dheginsea
53%
Dwyer
53%
Daisy
43%
Dolph
43%
Dice
40%
Díthorba
37%
Douglas
37%
Draug
37%
Dayan
33%
Death Knight
23%
No matching quizzes found
Score Distribution
Percent of People with Each Score
Percentile by Number Answered
Your Score History
You have not taken this quiz